| 000 | 00415nam a2200181Ia 4500 | ||
|---|---|---|---|
| 008 | 210210b1993 xxu||||| |||| 00| 0 eng d | ||
| 020 | _a0397447655 | ||
| 041 | _aeng | ||
| 082 | _a574.29 ROII | ||
| 100 | _aROITT (Ivan M) and others. | ||
| 245 | _aImmunology. Ed 3. | ||
| 250 | _a | ||
| 260 |
_aLondon. _bMosby _c1993 |
||
| 300 | _a25.16... | ||
| 650 | _aImmunology | ||
| 690 | _aImmunology | ||
| 906 | _a049215 | ||
| 999 |
_c98377 _d98377 |
||